| 000 | 00643nam a2200193 a 4500 | ||
|---|---|---|---|
| 005 | 20240924064451.0 | ||
| 008 | 010702s1993 ag r 000 0 spa d | ||
| 020 | _a950701182X | ||
| 035 | _aUPN01000109087 | ||
| 049 | _aCG | ||
| 050 | 4 |
_aLB1775.4 A7 _bG6.2 |
|
| 100 | 1 |
_aGonzález Cuberes, María Teresa, _d1941- _928881 |
|
| 245 | 1 | 0 |
_aAl borde de un ataque de prácticas : _bla enseñanza : construcción e interacción / _cMaría Teresa González Cuberes. |
| 260 |
_aBuenos Aires : _bAique, _c1993. |
||
| 300 | _a277 p. | ||
| 440 | 0 | _aAportes a la educación inicial | |
| 650 | 4 |
_aEducación preescolar _zArgentina _913592 |
|
| 905 | _aLibro | ||
| 999 |
_c82998 _d82998 |
||